| 000 | 00490nam a22001697a 4500 | ||
|---|---|---|---|
| 999 |
_c40662 _d40662 |
||
| 003 | OSt | ||
| 005 | 20200606120102.0 | ||
| 008 | 191026b ||||| |||| 00| 0 eng d | ||
| 020 | _a97881882857518 | ||
| 040 | _cMESKC library | ||
| 082 |
_a891.438 _bKAM/M |
||
| 100 |
_aKamlesh _9105 |
||
| 245 |
_aManohar Shyam Joshi Ke Katha Pryog/ _cKamlesh |
||
| 260 |
_aDelhi: _bNeya Sahitya Kendra, _c2015 |
||
| 300 | _a196p | ||
| 942 |
_2ddc _cBK _h891.438 _iKAM/M _k891.438 _mKAM/M |
||